Koncept smart miest a pozitívne energetické štvrte: Problematika konceptu smart miest a pozitívnych energetických štvrtí v urbanizme a priestorovom plánovaní

Saved in:
Bibliographic Details
Main Author: Husár, Milan (Author)
Other Authors: (Thesis advisor)
Format: Manuscript Book
Language:Slovak
Published: 2024
Subjects:
Online Access:http://is.stuba.sk/zp/portal_zp.pl?podrobnosti_zp=97164
Tags: Add Tag
No Tags, Be the first to tag this record!

MARC

LEADER 00000ntm a22000003a 4500
001 stuzp97164
003 SK-STU
005 20240427210304.9
007 ta
008 150427s2015----xo-----f-mn---000-0-slo-d
040 |a STU  |b slo 
041 0 |a slo 
100 1 |a Husár, Milan  |u 050903  |k Z1  |4 aut  |U FAD Dekanát  |T FAD Oddelenie pre vedu a výskum  |X 68900  |U A0903  |Y 93  |7 A000068900 
242 0 1 |a The concept of smart cities and positive energy districts: Issues of the concept of smart cities and positive energy districts in urban design and spatial planning  |y eng 
245 1 0 |a Koncept smart miest a pozitívne energetické štvrte: Problematika konceptu smart miest a pozitívnych energetických štvrtí v urbanizme a priestorovom plánovaní 
260 |c 2024 
650 4 |a urbanizmus  |2 slo 
650 4 |a smart city  |2 slo 
650 4 |a pozitívne energetické štvrte  |2 slo 
650 4 |a Trenčín  |2 slo 
650 4 |a priestorové plánovanie  |2 slo 
650 4 |a Trenčín  |2 eng 
650 4 |a spatial planning  |2 eng 
650 4 |a urban design  |2 eng 
650 4 |a smart city  |2 eng 
650 4 |a positive energy district  |2 eng 
700 1 |a ,  |4 ths  |X null  |7 null 
856 4 |u http://is.stuba.sk/zp/portal_zp.pl?podrobnosti_zp=97164 
996 |b 284AU10071  |c A* 13414/V  |l AAKNST  |s P  |a 0  |w stuzp97164_0001